000 00494nam a2200205Ia 4500
005 20250425161205.0
008 250425s9999 xx 000 0 und d
020 _a8434487179
041 _aspa
082 _a109
100 _aGEYMONAT, LUDOVICO
245 0 _aHISTORIA DEL PENSAMIENTO FILOSOFICO Y CIENTIFICO
250 _a1A ED.
260 _aBARCELONA
260 _aEspaƱa
_bARIEL
_c1984
300 _a575
650 _aPENSAMIENTOS FILOSOFICOS
942 _c01
010 _a14709
999 _c204224
_d204224